José Vives-Atsara, his life and his art /

Bibliographic Details
Main Author: West, Nancy Glass, 1940-
Format: Book
Language:English
Published: Austin, Tex. : Shoal Creek Publishers, [1976].
Edition:Numbered--Registered--Limited Edition.
Subjects:

MARC

Tag First Indicator Second Indicator Subfields
LEADER 00000nam a2200000 i 4500
001 in00000051177
005 20240110195913.4
008 240110s1976 txua b 001 0beng d
020 |a 0883190273 
020 |a 9780883190272 
035 |a (OCoLC)on1417011196 
035 |a (OCoLC)1417011196 
040 |a TXA  |b eng  |e rda  |c TXA 
043 |a e-sp--- 
050 0 0 |a ND813.V58  |b W47 1976b 
100 1 |a West, Nancy Glass,  |d 1940- 
245 1 0 |a José Vives-Atsara, his life and his art /  |c by Nancy Glass West. 
250 |a Numbered--Registered--Limited Edition. 
264 1 |a Austin, Tex. :  |b Shoal Creek Publishers,  |c [1976]. 
300 |a 167 pages :  |b illustrations (some color) ;  |c 24 x 31 cm 
336 |a text  |b txt  |2 rdacontent 
337 |a unmediated  |b n  |2 rdamedia 
338 |a volume  |b nc  |2 rdacarrier 
500 |a In slipcase. 
504 |a Includes bibliographical references and index. 
505 0 |a Catalonian boy -- Reluctant soldier -- A new love and New York -- Life in three countries -- Years of struggle -- Nostalgic interlude -- From artist to teacher -- From professor to public figure -- Renowned artist, benevolent man -- The seventies and beyond. 
500 |a The Cushing Library/Dykes copy is number 775, and is signed by Vives-Atsara and the author. 
500 |a The Cushing Library/Kelsey Americana copy is number 1095, is signed by Vives-Atsara and the author and is lacking the slipcase. 
600 1 0 |a Vives-Atsara, José,  |d 1919- 
650 0 |a Painters  |z Spain  |v Biography. 
650 7 |a Painters.  |2 fast  |0 (OCoLC)fst01050530 
651 7 |a Spain.  |2 fast  |0 (OCoLC)fst01204303  |1 https://id.oclc.org/worldcat/entity/E39PBJqFTrvj6Mhw6JfTGmqJDq 
655 7 |a Biographies.  |2 fast  |0 (OCoLC)fst01919896 
948 |h HELD BY TXA - 0 OTHER HOLDINGS 
994 |a Z0  |b TXA 
999 f f |s de2d37eb-f32d-3da4-bd78-a085e331eef1  |i 035cf93e-f564-3f95-90ea-dd199d25746d  |t 0 
952 f f |p noncirc  |a Texas A&M University  |b College Station  |c Cushing Memorial Library & Archives  |d Cushing: Kelsey Americana (Does not check out)  |t 0  |e ND813.V58 W47 1976  |h Library of Congress classification  |i unmediated -- volume 
952 f f |p noncirc  |a Texas A&M University  |b College Station  |c Cushing Memorial Library & Archives  |d Cushing: Dykes (Does not check out)  |t 0  |e ND813.V58 W47 1976b  |h Library of Congress classification  |i unmediated -- volume  |m A14853228314 
998 f f |a ND813.V58 W47 1976b  |t 0  |l Cushing: Dykes (Does not check out) 
998 f f |a ND813.V58 W47 1976  |t 0  |l Cushing: Kelsey Americana (Does not check out)